[Event "X Open A"]
[Site "Bergamo ITA"]
[Date "2011.07.15"]
[Round "1"]
[White "Bemporad, Filippo"]
[Black "Stella, Andrea"]
[Result "0-1"]
[WhiteElo "2068"]
[BlackElo "2412"]
[PlyCount "92"]
[EventDate "2011.07.15"]

1. d4 Nf6 2. Nf3 g6 3. c4 Bg7 4. Nc3 d5 5. cxd5 Nxd5 6. Na4 O-O 7. e4 Nb6 8. h3
Nxa4 9. Qxa4 b6 10. Be2 Bb7 11. e5 Qd7 12. Qxd7 Nxd7 13. Be3 c5 14. O-O Rac8
15. dxc5 Nxc5 16. Rfd1 Bxf3 17. Bxf3 Bxe5 18. Rd2 Rfd8 19. Rad1 Rxd2 20. Rxd2
Ne6 21. g3 Rd8 22. Rxd8+ Nxd8 23. b3 Ne6 24. Kf1 Bd4 25. Bd2 Kg7 26. Ke2 Nc7
27. Be1 e5 28. Kd3 Kf6 29. Bc6 Ne6 30. Kc4 Ke7 31. Bg2 Kd6 32. Bb4+ Bc5 33. Be1
a5 34. Bb7 h5 35. h4 f5 36. a4 Nd4 37. f3 Nc2 38. Bd2 Be3 39. Kd3 Bxd2 40. Kxc2
Be1 41. g4 Bxh4 42. gxh5 gxh5 43. Bc8 e4 44. fxe4 fxe4 45. Bf5 e3 46. Bg6 e2
0-1

[Event "X Open A"]
[Site "Bergamo ITA"]
[Date "2011.07.15"]
[Round "1"]
[White "Brunelli, Giovanni"]
[Black "Player, Edmund C."]
[WhiteElo "1943"]
[BlackElo "2214"]
[Result "0-1"]
[PlyCount "40"]
[EventDate "2011.07.15"]

1. e4 e6 2. d4 d5 3. exd5 exd5 4. Bd3 c5 5. dxc5 Bxc5 6. Nd2 Nf6 7. Ngf3 O-O 8.
O-O Nc6 9. Nb3 Bb6 10. c3 Bg4 11. Bg5 Qd6 12. Bh4 Rfe8 13. Bg3 Qd7 14. Bc2 Ne4
15. Bxe4 dxe4 16. Qxd7 Bxd7 17. Nfd4 Ne5 18. Rad1 Bg4 19. Bxe5 Bxd1 20. Rxd1
Rxe5 0-1

[Event "X Open A"]
[Site "Bergamo ITA"]
[Date "2011.07.15"]
[Round "1"]
[White "Cattaneo, Marco"]
[Black "Buckley, Simon T."]
[WhiteElo "1991"]
[BlackElo "2352"]
[Result "1/2-1/2"]
[PlyCount "47"]
[EventDate "2011.07.15"]

1. d4 Nf6 2. Nf3 g6 3. c4 Bg7 4. Nc3 O-O 5. e4 d6 6. Be2 e5 7. O-O Nc6 8. d5
Ne7 9. Ne1 Nd7 10. Be3 f5 11. f3 Nf6 12. c5 f4 13. Bf2 g5 14. Rc1 Bd7 15. cxd6
cxd6 16. Bb5 g4 17. Bxd7 Qxd7 18. Qa4 Qc8 19. Rc2 Ne8 20. Nb5 Qd7 21. Nc3 Qc7
22. Nb5 Qd7 23. Nc3 Qc8 24. Nb5 1/2-1/2

[Event "X Open A"]
[Site "Bergamo ITA"]
[Date "2011.07.15"]
[Round "1"]
[White "De Palma, Fabrizio"]
[Black "Bodiroga, Predrag"]
[WhiteElo "2064"]
[BlackElo "2395"]
[Result "0-1"]
[PlyCount "58"]
[EventDate "2011.07.15"]

1. Nf3 Nf6 2. c4 e6 3. g3 b6 4. Bg2 Bb7 5. O-O Be7 6. b3 O-O 7. Bb2 a5 8. Nc3
Na6 9. d4 Ne4 10. Nd2 Nxc3 11. Bxc3 Bxg2 12. Kxg2 d5 13. cxd5 exd5 14. Bb2 Qd7
15. Nf3 Bf6 16. Qd2 Rfe8 17. Rac1 a4 18. b4 Qb5 19. Rfe1 Qxb4 20. Qxb4 Nxb4 21.
Rxc7 a3 22. Bc1 Nxa2 23. Bd2 Rec8 24. Rb7 Bd8 25. e4 dxe4 26. Rxe4 Bf6 27. Rxb6
h6 28. Rg4 h5 29. Rf4 Nc1 0-1

[Event "X Open A"]
[Site "Bergamo ITA"]
[Date "2011.07.15"]
[Round "1"]
[White "Drazic, Sinisa"]
[Black "Reduzzi, Maurizio"]
[Result "1-0"]
[WhiteElo "2501"]
[BlackElo "2082"]
[PlyCount "94"]
[EventDate "2011.07.15"]

1. d4 e6 2. Nd2 d5 3. Ngf3 Nf6 4. e3 Nbd7 5. b3 Bd6 6. Bb2 c6 7. c4 b6 8. Bd3
Bb7 9. e4 dxe4 10. Nxe4 Nxe4 11. Bxe4 f5 12. Bd3 Bb4+ 13. Ke2 O-O 14. a3 Bd6
15. Re1 g5 16. Kf1 Qf6 17. Qe2 Rae8 18. c5 Bb8 19. d5 e5 20. dxc6 Bxc6 21. cxb6
g4 22. Nd2 Nxb6 23. Bb5 Bxb5 24. Qxb5 Qh6 25. Nc4 Qxh2 26. Nxb6 axb6 27. Qd5+
Kg7 28. g3 f4 29. Rxe5 Bxe5 30. Bxe5+ Rxe5 31. Qxe5+ Rf6 32. Qg5+ Kf7 33. Qd5+
Kg6 34. Qe4+ Kg7 35. Rd1 Qh5 36. Rd7+ Rf7 37. Qd4+ Kg8 38. Rd8+ Rf8 39. Rxf8+
Kxf8 40. Qxf4+ Ke8 41. Qb8+ Kf7 42. Qb7+ Ke8 43. Qc6+ Ke7 44. a4 Qf5 45. Qxb6
Qd3+ 46. Kg2 Qf3+ 47. Kh2 Ke8 1-0

[Event "X Open A"]
[Site "Bergamo ITA"]
[Date "2011.07.15"]
[Round "1"]
[White "Ficco, Corrado"]
[Black "Brunello, Sabino"]
[Result "0-1"]
[WhiteElo "2127"]
[BlackElo "2552"]
[PlyCount "76"]
[EventDate "2011.07.15"]

1. e4 c5 2. Nf3 e6 3. c4 b6 4. d4 cxd4 5. Nxd4 Bb7 6. Nc3 Nf6 7. Bd3 a6 8. O-O
Qc7 9. Be3 d6 10. Rc1 Nbd7 11. Qe2 g6 12. f4 Bg7 13. Kh1 O-O 14. Nf3 Nc5 15.
Bd4 Rac8 16. Bb1 Rfe8 17. e5 Nh5 18. exd6 Qxd6 19. Bxg7 Kxg7 20. Qe5+ Qxe5 21.
Nxe5 Red8 22. b4 Nd7 23. Be4 Bxe4 24. Nxe4 f6 25. Nxd7 Rxd7 26. c5 Rd4 27. Nd6
Rc6 28. Ne8+ Kf7 29. Nd6+ Ke7 30. g4 Nxf4 31. Rc4 Rxc4 32. Nxc4 Nd5 33. Nxb6
Nxb6 34. cxb6 Rxb6 35. a3 f5 36. gxf5 gxf5 37. Kg2 Kf6 38. Kf3 Rc6 0-1

[Event "X Open A"]
[Site "Bergamo ITA"]
[Date "2011.07.15"]
[Round "1"]
[White "Gosio, Denis"]
[Black "Georgiev, Vladimir"]
[Result "0-1"]
[WhiteElo "2164"]
[BlackElo "2559"]
[PlyCount "114"]
[EventDate "2011.07.15"]

1. e4 c5 2. Nf3 Nc6 3. d4 cxd4 4. Nxd4 d5 5. Nxc6 bxc6 6. exd5 Qxd5 7. Nc3
Qxd1+ 8. Nxd1 g6 9. Bc4 Bg7 10. O-O Nf6 11. Re1 e6 12. Bf4 O-O 13. Be5 Nd5 14.
Bxg7 Kxg7 15. Ne3 Rb8 16. b3 Bb7 17. Rad1 Rbd8 18. a3 a5 19. g3 h5 20. h4 Nxe3
21. fxe3 c5 22. Kf2 Be4 23. Bd3 Bc6 24. Ke2 Kf6 25. Kd2 Ke5 26. Rf1 f5 27. Kc3
g5 28. hxg5 Rg8 29. Rf4 Rxg5 30. Rg1 Rdg8 31. Rc4 Kd6 32. Rd1 Bd5 33. Rh4 Rxg3
34. Rxh5 Rxe3 35. Kb2 Ke5 36. Rf1 Be4 37. Bc4 Rg2 38. Rc1 Reg3 39. Rh6 Rg6 40.
Rh4 Rf2 41. Rh3 Rgg2 42. Rc3 Rf3 43. Rxf3 Bxf3 44. Re1+ Be4 45. Bd3 Rg4 46. Kc3
Kd5 47. Bc4+ Kd6 48. Rd1+ Ke5 49. Rd2 Rg3+ 50. Kb2 f4 51. Kc1 Rg1+ 52. Rd1 Rg2
53. Bd3 Bxd3 54. Rxd3 Ke4 55. Rd6 e5 56. Rc6 f3 57. Rf6 Ke3 0-1

[Event "X Open A"]
[Site "Bergamo ITA"]
[Date "2011.07.15"]
[Round "1"]
[White "Gromovs, Sergejs"]
[Black "Sala, Giovanni"]
[WhiteElo "2303"]
[BlackElo "1967"]
[Result "1-0"]
[PlyCount "35"]
[EventDate "2011.07.15"]

1. d4 f5 2. e4 fxe4 3. Nc3 Nf6 4. Bg5 Nc6 5. d5 Ne5 6. Qd4 Nf7 7. h4 c6 8.
O-O-O Qb6 9. Qd2 cxd5 10. Nxd5 Nxd5 11. Qxd5 Qc6 12. Qb3 a5 13. a4 Qc5 14. Nh3
Qb4 15. Qa2 g6 16. Nf4 Nxg5 17. hxg5 Bg7 18. Nxg6 1-0

[Event "X Open A"]
[Site "Bergamo ITA"]
[Date "2011.07.15"]
[Round "1"]
[White "Guzzetti, Luigi Enrico"]
[Black "Aranovitch, Emiliano"]
[WhiteElo "1962"]
[BlackElo "2328"]
[Result "0-1"]
[PlyCount "86"]
[EventDate "2011.07.15"]

1. e4 c5 2. Nf3 d6 3. d4 cxd4 4. Nxd4 Nf6 5. Nc3 Nc6 6. Be2 Nxd4 7. Qxd4 g6 8.
Be3 Bg7 9. Qd2 O-O 10. O-O Be6 11. f3 Qa5 12. Nd5 Qxd2 13. Nxe7+ Kh8 14. Bxd2
Rfe8 15. Nxg6+ hxg6 16. Bb5 Rec8 17. c3 d5 18. e5 Nd7 19. Bxd7 Bxd7 20. Rfe1
Re8 21. f4 f6 22. exf6 Bxf6 23. Be3 Re4 24. Kf2 Kg8 25. Rad1 Bc6 26. g3 Kf7 27.
Bd4 Bxd4+ 28. Rxd4 Rxd4 29. cxd4 Bd7 30. Re5 Be6 31. g4 Bxg4 32. Rxd5 Rc8 33.
Kg3 Be6 34. Rb5 b6 35. d5 Bd7 36. Rb3 Rc5 37. Rd3 Rc2 38. h4 Rxb2 39. a3 Bf5
40. Rc3 Rc2 41. Rxc2 Bxc2 42. Kg4 Kf6 43. d6 a5 0-1

[Event "X Open A"]
[Site "Bergamo ITA"]
[Date "2011.07.15"]
[Round "1"]
[White "Moroni, Luca jr"]
[Black "Mola, Pietro"]
[WhiteElo "1964"]
[BlackElo "2244"]
[Result "1/2-1/2"]
[PlyCount "76"]
[EventDate "2011.07.15"]

1. e4 c5 2. Nf3 d6 3. d4 cxd4 4. Nxd4 Nf6 5. Nc3 a6 6. Be2 e5 7. Nb3 Be7 8. O-O
O-O 9. f4 exf4 10. Bxf4 Nc6 11. h3 Be6 12. Kh1 Rc8 13. Nd4 Ne5 14. Nf5 Bxf5 15.
exf5 Qb6 16. Rb1 Qc6 17. Kh2 Bd8 18. Bf3 Nxf3+ 19. Qxf3 Ba5 20. Qxc6 Rxc6 21.
Rfd1 Bxc3 22. bxc3 b5 23. Bxd6 Re8 24. Bb4 h6 25. Rd2 Re5 26. Rbd1 Rxf5 27. Rd6
Rc4 28. R1d4 Rf4 29. Rxf4 Rxf4 30. Rxa6 Nd5 31. a3 Rc4 32. Rd6 Nxc3 33. Rd3 Ne4
34. c3 Kh7 35. g4 Kg6 36. Kg2 Kf6 37. Rf3+ Kg6 38. Rd3 Kf6 1/2-1/2

[Event "X Open A"]
[Site "Bergamo ITA"]
[Date "2011.07.15"]
[Round "1"]
[White "Mrdja, Milan"]
[Black "Leoni, Livio"]
[WhiteElo "2389"]
[BlackElo "2020"]
[Result "1-0"]
[PlyCount "49"]
[EventDate "2011.07.15"]

1. e4 c5 2. Nf3 e6 3. d4 cxd4 4. Nxd4 Nf6 5. Nc3 d6 6. Be3 a6 7. Qd2 b5 8. f3
Nbd7 9. g4 h6 10. h4 Bb7 11. Rg1 Ne5 12. g5 hxg5 13. hxg5 Nfd7 14. f4 Nc4 15.
Bxc4 bxc4 16. g6 Nc5 17. gxf7+ Kxf7 18. Nf3 Be7 19. Qg2 Bf6 20. O-O-O Qc7 21.
e5 Bxf3 22. Qg6+ Kf8 23. exf6 Rg8 24. Rdf1 Bc6 25. f5 1-0

[Event "X Open A"]
[Site "Bergamo ITA"]
[Date "2011.07.15"]
[Round "1"]
[White "Ranfagni, Stefano"]
[Black "Gorbatov, Alexej"]
[WhiteElo "2006"]
[BlackElo "2375"]
[Result "0-1"]
[PlyCount "98"]
[EventDate "2011.07.15"]

1. e4 c5 2. Nc3 Nc6 3. g3 g6 4. Bg2 Bg7 5. d3 d6 6. Be3 Rb8 7. f4 b5 8. Qd2 b4
9. Nd1 Qa5 10. Ne2 Nd4 11. O-O Nh6 12. h3 f5 13. Kh2 fxe4 14. dxe4 Nxe2 15.
Qxe2 Ba6 16. Qd2 Bxf1 17. Bxf1 Nf7 18. Bc4 O-O 19. Nf2 Bxb2 20. Rf1 Kh8 21. Ng4
Bg7 22. f5 gxf5 23. exf5 Ne5 24. Nxe5 Bxe5 25. Bh6 Qa3 26. Qg2 Rfd8 27. Rf3 Qb2
28. Qe2 Bf6 29. Be6 a5 30. g4 a4 31. g5 Qe5+ 32. Qxe5 Bxe5+ 33. Kh1 Bg7 34.
Bxg7+ Kxg7 35. f6+ exf6 36. gxf6+ Kg6 37. f7 Rf8 38. Bd5 Rbd8 39. Rg3+ Kf6 40.
Rg8 h6 41. Rg2 Ke5 42. Bc4 d5 43. Re2+ Kd4 44. Bb5 Rxf7 45. Bxa4 Ra7 46. Rd2+
Kc3 47. Rd3+ Kb2 48. Rb3+ Kxa2 49. Bb5 Ra3 0-1

[Event "X Open A"]
[Site "Bergamo ITA"]
[Date "2011.07.15"]
[Round "1"]
[White "Robertsen, Thomas"]
[Black "De Nisi, Roberta"]
[WhiteElo "2257"]
[BlackElo "1964"]
[Result "1-0"]
[PlyCount "41"]
[EventDate "2011.07.15"]

1. e4 e6 2. d4 d5 3. Nc3 Nf6 4. e5 Nfd7 5. Nf3 c5 6. dxc5 Bxc5 7. Bd3 Nc6 8.
Bf4 Qb6 9. O-O a6 10. a3 Qc7 11. Re1 Nb6 12. Ng5 h5 13. Qf3 Nd4 14. Qg3 Bd7 15.
Rad1 h4 16. Qg4 Bxa3 17. bxa3 Qxc3 18. Bd2 Qxa3 19. Qxd4 Nc8 20. Bb4 Qa4 21.
Qf4 1-0

[Event "X Open A"]
[Site "Bergamo ITA"]
[Date "2011.07.15"]
[Round "1"]
[White "Rusev, Krasimir"]
[Black "Cani, Gazmir"]
[Result "1-0"]
[WhiteElo "2528"]
[BlackElo "2114"]
[PlyCount "71"]
[EventDate "2011.07.15"]

1. d4 Nf6 2. c4 g6 3. Nc3 d5 4. Nf3 Bg7 5. Qb3 dxc4 6. Qxc4 O-O 7. e4 Na6 8.
Be2 c5 9. d5 e6 10. O-O exd5 11. exd5 Bf5 12. Rd1 Re8 13. d6 Nd7 14. Bg5 Bf6
15. Qh4 Nb4 16. Bc4 h5 17. Bxf6 Qxf6 18. Qxf6 Nxf6 19. Ng5 Rf8 20. Rac1 Rad8
21. f3 Nc2 22. Kf2 Nd4 23. b4 b6 24. bxc5 bxc5 25. Nb5 Ne8 26. Nxd4 cxd4 27.
Rxd4 Nxd6 28. Rcd1 Bc2 29. Nxf7 Nxc4 30. Nxd8 Bxd1 31. Rxd1 Nb6 32. Nc6 Kf7 33.
Rd6 Rc8 34. Ne5+ Ke7 35. Rxg6 Rc2+ 36. Kg3 1-0

[Event "X Open A"]
[Site "Bergamo ITA"]
[Date "2011.07.15"]
[Round "1"]
[White "Solodovnichenko, Yuri"]
[Black "Seyfried, Claus"]
[Result "1-0"]
[WhiteElo "2615"]
[BlackElo "2166"]
[PlyCount "122"]
[EventDate "2011.07.15"]

1. e4 e5 2. Nf3 Nc6 3. Bb5 a6 4. Ba4 Nf6 5. O-O Be7 6. Re1 b5 7. Bb3 O-O 8. c3
d5 9. exd5 Nxd5 10. Nxe5 Nxe5 11. Rxe5 c6 12. Re1 Bd6 13. g3 Bb7 14. d4 Qd7 15.
Nd2 c5 16. Ne4 c4 17. Bc2 Rae8 18. Bd2 f5 19. Nxd6 Rxe1+ 20. Qxe1 Qxd6 21. f3
Nf6 22. Bxf5 Re8 23. Qf1 Qd5 24. Bh3 Qxf3 25. Qxf3 Bxf3 26. Re1 Rxe1+ 27. Bxe1
Bb7 28. Bd2 Kf7 29. Kf2 h5 30. Bf5 g6 31. Bc2 Be4 32. Bd1 Ke6 33. Bg5 Ng4+ 34.
Kg1 Kf5 35. h3 Ne5 36. Be3 Bf3 37. Bc2+ Nd3 38. b3 Be4 39. bxc4 bxc4 40. Ba4
Nb2 41. Bd7+ Kf6 42. g4 hxg4 43. hxg4 Bd5 44. Bf4 Bb7 45. Be8 Bf3 46. g5+ Kf5
47. Bd2 Bd5 48. Kf2 Nd3+ 49. Kg3 Nb2 50. Kf2 Nd3+ 51. Ke2 a5 52. Be3 Nf4+ 53.
Bxf4 Kxf4 54. Bxg6 Kxg5 55. Bc2 Kf4 56. Kf2 Bf3 57. Ba4 Bd5 58. Bd1 Be4 59. Be2
Bd5 60. Bf1 a4 61. a3 Bc6 1-0

[Event "X Open A"]
[Site "Bergamo ITA"]
[Date "2011.07.15"]
[Round "1"]
[White "Spence, David J."]
[Black "Bocci, Alessandro"]
[WhiteElo "2214"]
[BlackElo "1941"]
[Result "1-0"]
[PlyCount "83"]
[EventDate "2011.07.15"]

1. e4 c5 2. c3 d5 3. exd5 Qxd5 4. d4 Nc6 5. Nf3 e5 6. dxe5 Qxd1+ 7. Kxd1 Bg4 8.
Bf4 Nge7 9. Be2 Ng6 10. Bg3 O-O-O+ 11. Kc2 Bxf3 12. Bxf3 Ngxe5 13. Be4 Bd6 14.
Na3 Rhe8 15. Rhe1 Bb8 16. f4 Nd7 17. Nc4 g6 18. Bxc6 bxc6 19. Na5 Kc7 20. f5+
Kb6 21. Nc4+ Ka6 22. Bxb8 Nxb8 23. Rad1 Rxe1 24. Rxe1 Rd5 25. Ne5 f6 26. fxg6
hxg6 27. Nxg6 Nd7 28. Nf4 Rf5 29. g3 Ne5 30. h4 c4 31. Rh1 Ng4 32. h5 Nh6 33.
Re1 Rg5 34. Re6 Ng8 35. Rxc6+ Kb5 36. Rc7 a6 37. Ne6 Rxh5 38. Nd4+ Kb6 39. Rxc4
Ne7 40. b4 Nf5 41. Nxf5 Rxf5 42. Rf4 1-0

[Event "X Open A"]
[Site "Bergamo ITA"]
[Date "2011.07.15"]
[Round "1"]
[White "Srebrnic, Vojko"]
[Black "Attuati, Stefano"]
[WhiteElo "2220"]
[BlackElo "1963"]
[Result "1-0"]
[PlyCount "61"]
[EventDate "2011.07.15"]

1. e4 e6 2. d4 d5 3. Nc3 Nf6 4. Bg5 dxe4 5. Nxe4 Be7 6. Bxf6 gxf6 7. Nf3 Nd7 8.
Qd2 c6 9. O-O-O b6 10. Bd3 Qc7 11. Kb1 Bb7 12. Qe2 O-O-O 13. Ba6 Rhg8 14. g3
Rg4 15. Rhe1 f5 16. Ned2 Bf6 17. h3 Rgg8 18. Bxb7+ Kxb7 19. Nc4 h5 20. Nfe5 b5
21. Nxf7 bxc4 22. Nxd8+ Qxd8 23. Qxc4 Nb6 24. Qxe6 Nd5 25. Rd3 Rg7 26. Qxf5 Qa5
27. Rb3+ Kc7 28. Re5 Rd7 29. a3 Bxe5 30. Qxe5+ Rd6 31. Rf3 1-0

[Event "X Open A"]
[Site "Bergamo ITA"]
[Date "2011.07.15"]
[Round "1"]
[White "Trumpf, Walter"]
[Black "Kosic, Dragan"]
[Result "0-1"]
[WhiteElo "2073"]
[BlackElo "2483"]
[PlyCount "62"]
[EventDate "2011.07.15"]

1. d4 e6 2. Nc3 d5 3. e4 Nf6 4. Bg5 dxe4 5. f3 exf3 6. Nxf3 Be7 7. Bd3 Nbd7 8.
O-O c5 9. Kh1 h6 10. Bd2 cxd4 11. Nxd4 Nc5 12. Bb5+ Bd7 13. Be2 a6 14. b4 Nce4
15. Nxe4 Nxe4 16. Bf3 Nxd2 17. Qxd2 Qc7 18. Rad1 Rd8 19. Qf2 O-O 20. Be4 f5 21.
Bd3 Bxb4 22. Qe2 Rde8 23. Bc4 Kh8 24. Nf3 Bc3 25. Qd3 Bf6 26. Qxd7 Qxc4 27.
Qxb7 Qxa2 28. Rd6 Qxc2 29. Qxa6 e5 30. Nh4 f4 31. Rc6 Qh7 0-1

[Event "X Open A"]
[Site "Bergamo ITA"]
[Date "2011.07.15"]
[Round "1"]
[White "Turazza, Andrea"]
[Black "Locci, Damiano"]
[WhiteElo "1922"]
[BlackElo "2167"]
[Result "0-1"]
[PlyCount "44"]
[EventDate "2011.07.15"]

1. d4 d5 2. c4 Nc6 3. cxd5 Qxd5 4. Nf3 e5 5. dxe5 Qxd1+ 6. Kxd1 Nge7 7. Nc3 Bg4
8. Bf4 Ng6 9. Bg3 Bb4 10. a3 O-O-O+ 11. Nd2 Ba5 12. f3 Be6 13. Bf2 Bxc3 14.
bxc3 Na5 15. e4 Rxd2+ 16. Kxd2 Nb3+ 17. Ke3 Nxa1 18. f4 Bb3 19. Bd3 Nc2+ 20.
Kf3 Rd8 21. Bxc2 Bxc2 22. Bd4 c5 0-1

[Event "X Open A"]
[Site "Bergamo ITA"]
[Date "2011.07.15"]
[Round "1"]
[White "Valsecchi, Alessio"]
[Black "Castrogiovanni, Carlo"]
[WhiteElo "2354"]
[BlackElo "1995"]
[Result "1-0"]
[PlyCount "79"]
[EventDate "2011.07.15"]

1. d4 Nf6 2. c4 c5 3. d5 b5 4. cxb5 a6 5. bxa6 Bxa6 6. Nc3 d6 7. g3 g6 8. Bg2
Bg7 9. Nf3 O-O 10. O-O Nbd7 11. Qc2 Ng4 12. a4 Nge5 13. Nd2 Qc7 14. h3 Rfb8 15.
Rb1 Qa5 16. Kh2 Ra7 17. f4 Nc4 18. Nxc4 Bxc4 19. Qe4 Bxc3 20. Qxc4 Bf6 21. b3
Rb4 22. Qc2 Qc7 23. Bd2 Rb8 24. Rfc1 Rbb7 25. e4 Qb8 26. Bf1 Rc7 27. a5 Qc8 28.
Qd3 Nb8 29. Rc4 Na6 30. Re1 e5 31. dxe6 Qxe6 32. h4 Nb4 33. Qf3 Qe7 34. e5 dxe5
35. fxe5 Bxe5 36. Rce4 f6 37. Bc4+ Kg7 38. Rxe5 fxe5 39. Bg5 Qd7 40. Qf6# 1-0

[Event "X Open A"]
[Site "Bergamo ITA"]
[Date "2011.07.15"]
[Round "1"]
[White "Ventura, Franco"]
[Black "Godena, Michele"]
[Result "0-1"]
[WhiteElo "2090"]
[BlackElo "2525"]
[PlyCount "124"]
[EventDate "2011.07.15"]

1. Nf3 d5 2. d4 Nf6 3. c4 dxc4 4. Qa4+ c6 5. Qxc4 Bg4 6. Nbd2 Nbd7 7. g3 e6 8.
Bg2 Be7 9. O-O O-O 10. b3 Qa5 11. h3 Bh5 12. Bb2 Rac8 13. e3 Rfd8 14. Rfc1 h6
15. Qf1 Bg6 16. Nc4 Qc7 17. Qe2 Be4 18. Ncd2 Bh7 19. e4 Qb8 20. e5 Nd5 21. Ne4
c5 22. dxc5 Nxc5 23. Nxc5 Bxc5 24. a3 Ne7 25. Rd1 Bb6 26. Rxd8+ Rxd8 27. Rd1
Nc6 28. b4 Rxd1+ 29. Qxd1 Be4 30. Qd7 Bxf3 31. Bxf3 Nxe5 32. Qxb7 Qxb7 33. Bxb7
Nd3 34. Bc3 Nxf2 35. Kg2 Nd1 36. Bd2 Ne3+ 37. Kf3 Nc4 38. Bc1 f5 39. a4 Kf7 40.
a5 Bd4 41. Ba6 Ne5+ 42. Ke2 Bc3 43. Bd2 Bxd2 44. Kxd2 Ke7 45. Bb7 Kd6 46. Kc3
g5 47. b5 Nd7 48. Kb4 e5 49. Bg2 e4 50. Kc4 Ke5 51. h4 gxh4 52. gxh4 f4 53. Bh3
Nf6 54. b6 axb6 55. axb6 Ne8 56. Bd7 f3 57. Kc3 Nd6 58. Bh3 e3 59. Bg4 Kf4 60.
Bh5 Kg3 61. Kd3 e2 62. Kd2 Kf2 0-1

[Event "X Open A"]
[Site "Bergamo ITA"]
[Date "2011.07.15"]
[Round "1"]
[White "Vezzosi, Paolo"]
[Black "Di Lascio, Savino"]
[WhiteElo "2355"]
[BlackElo "1982"]
[Result "1-0"]
[PlyCount "41"]
[EventDate "2011.07.15"]

1. d4 Nf6 2. Nf3 g6 3. Nc3 Bg7 4. e4 d6 5. Be3 Bg4 6. h3 Bxf3 7. Qxf3 e5 8.
dxe5 dxe5 9. Bc5 b6 10. Rd1 Qc8 11. Ba3 c5 12. Bb5+ Nbd7 13. Nd5 Kf8 14. O-O a6
15. Bxd7 Nxd7 16. Rd3 Qc6 17. Rfd1 Ra7 18. Qe3 f6 19. Nxb6 Nxb6 20. Qxc5+ Qxc5
21. Bxc5+ 1-0

[Event "X Open A"]
[Site "Bergamo ITA"]
[Date "2011.07.15"]
[Round "2"]
[White "Aranovitch, Emiliano"]
[Black "Rusev, Krasimir"]
[Result "1/2-1/2"]
[WhiteElo "2328"]
[BlackElo "2528"]
[PlyCount "76"]
[EventDate "2011.07.15"]

1. e4 e6 2. d4 d5 3. Nc3 Nc6 4. Nf3 Nf6 5. e5 Ne4 6. Bd3 Bb4 7. Bd2 Bxc3 8.
Bxc3 b6 9. O-O Bb7 10. Re1 Nxc3 11. bxc3 Na5 12. Nd2 c5 13. Qg4 Kf8 14. h4 Qe7
15. Re3 c4 16. Rg3 g6 17. Be2 h5 18. Qf4 Ke8 19. Nf3 Kd7 20. Ng5 Raf8 21. Rf3
Ke8 22. a3 Bc6 23. g3 Ba4 24. Qc1 Nc6 25. Bf1 Kd7 26. Bh3 Kc7 27. Qb2 Rhg8 28.
Rf6 Kb7 29. Re1 Rg7 30. Re3 Rc8 31. Ref3 Nd8 32. Kg2 Rc7 33. g4 hxg4 34. Bxg4
a5 35. Rh3 Nc6 36. Rhf3 Nd8 37. Rh3 Nc6 38. Rhf3 Nd8 1/2-1/2

[Event "X Open A"]
[Site "Bergamo ITA"]
[Date "2011.07.15"]
[Round "2"]
[White "Attuati, Stefano"]
[Black "Trumpf, Walter"]
[WhiteElo "1963"]
[BlackElo "2073"]
[Result "1-0"]
[PlyCount "45"]
[EventDate "2011.07.15"]

1. e4 g6 2. d4 Bg7 3. Nc3 d6 4. Be3 Nf6 5. f3 Nbd7 6. Qd2 c5 7. Nge2 cxd4 8.
Nxd4 a6 9. O-O-O h5 10. f4 Qc7 11. f5 Ng4 12. Bg5 Ndf6 13. fxg6 fxg6 14. Nd5
Nxd5 15. exd5 O-O 16. Re1 Rf2 17. Re2 Rxe2 18. Bxe2 Nf2 19. Rf1 Ne4 20. Qf4
Nxg5 21. Qxg5 Qb6 22. Qxg6 Qxd4 23. Qe8+ 1-0

[Event "X Open A"]
[Site "Bergamo ITA"]
[Date "2011.07.15"]
[Round "2"]
[White "Bocci, Alessandro"]
[Black "Bemporad, Filippo"]
[WhiteElo "1941"]
[BlackElo "2068"]
[Result "1/2-1/2"]
[PlyCount "49"]
[EventDate "2011.07.15"]

1. d4 Nf6 2. c4 e6 3. Nf3 b6 4. a3 Bb7 5. Nc3 Be7 6. d5 exd5 7. cxd5 O-O 8. e4
Re8 9. Bd3 d6 10. O-O Nbd7 11. Bf4 c5 12. dxc6 Bxc6 13. Re1 Nc5 14. Bc2 Ne6 15.
Bg3 Nh5 16. Nd5 Nxg3 17. Nxe7+ Qxe7 18. hxg3 Rad8 19. Rc1 Qb7 20. Nd4 Nxd4 21.
Qxd4 Qd7 22. Bb3 Rc8 23. Rcd1 Rcd8 24. Rc1 Rc8 25. Rcd1 1/2-1/2

[Event "X Open A"]
[Site "Bergamo ITA"]
[Date "2011.07.15"]
[Round "2"]
[White "Bodiroga, Predrag"]
[Black "Spence, David J."]
[WhiteElo "2395"]
[BlackElo "2214"]
[Result "1-0"]
[PlyCount "61"]
[EventDate "2011.07.15"]

1. d4 e6 2. c4 Nf6 3. Nf3 c5 4. d5 exd5 5. cxd5 d6 6. Nc3 g6 7. Bf4 a6 8. a4
Qe7 9. e3 Bg4 10. Be2 Bxf3 11. Bxf3 Bg7 12. O-O Nbd7 13. h3 O-O 14. a5 Rab8 15.
Qc2 Ne8 16. Ra4 Nc7 17. b4 b5 18. axb6 Rxb6 19. bxc5 Nxc5 20. Rc4 Nb5 21. Nxb5
Rxb5 22. Rb1 Rfb8 23. Rxb5 Rxb5 24. e4 Qf6 25. e5 dxe5 26. Be3 Nd7 27. Rc6 Qh4
28. Rc8+ Bf8 29. Qc7 e4 30. Qxd7 exf3 31. Qd6 1-0

[Event "X Open A"]
[Site "Bergamo ITA"]
[Date "2011.07.15"]
[Round "2"]
[White "Brunello, Sabino"]
[Black "Valsecchi, Alessio"]
[Result "1-0"]
[WhiteElo "2552"]
[BlackElo "2354"]
[PlyCount "75"]
[EventDate "2011.07.15"]

1. c4 e6 2. g3 Nf6 3. Bg2 d5 4. Nf3 Be7 5. O-O O-O 6. b3 c5 7. Bb2 Nc6 8. e3 d4
9. exd4 cxd4 10. Re1 Re8 11. a3 a5 12. Ne5 Nxe5 13. Rxe5 Nd7 14. Rb5 Nc5 15. b4
Nd3 16. Qb3 Nxb2 17. Qxb2 Qc7 18. d3 a4 19. Nd2 Rb8 20. c5 e5 21. Nc4 Be6 22.
Nb6 Red8 23. Nxa4 f5 24. Nb6 e4 25. dxe4 Qc6 26. exf5 Qxb5 27. a4 Qxb6 28. cxb6
Bxf5 29. Rd1 Bf6 30. Bf1 Rbc8 31. Bd3 Bg4 32. Re1 Bf3 33. Qb3+ Bd5 34. Re8+
Rxe8 35. Qxd5+ Kh8 36. Qxb7 Rc1+ 37. Kg2 Rd1 38. Qf3 1-0

[Event "X Open A"]
[Site "Bergamo ITA"]
[Date "2011.07.15"]
[Round "2"]
[White "Buckley, Simon T."]
[Black "Moroni, Luca jr"]
[WhiteElo "2352"]
[BlackElo "1964"]
[Result "1-0"]
[PlyCount "85"]
[EventDate "2011.07.15"]

1. d4 d5 2. Bg5 Nf6 3. Bxf6 exf6 4. e3 c6 5. Nd2 Bd6 6. g3 O-O 7. Bg2 Re8 8.
Ne2 Bg4 9. O-O Qb6 10. Nb3 Nd7 11. Re1 f5 12. Qd3 Nf6 13. f3 Bh5 14. Nf4 Bg6
15. Bh3 a5 16. a4 c5 17. dxc5 Bxc5 18. Nxc5 Qxc5 19. c3 Re5 20. Qd4 Qxd4 21.
exd4 Ree8 22. Bf1 Kf8 23. Bb5 Re7 24. Re5 Rd8 25. Rae1 Rc7 26. Nxd5 Rcc8 27.
Nxf6 gxf6 28. Re7 b6 29. f4 Bh5 30. Kf2 Rd6 31. Rb7 Rcd8 32. Ree7 h6 33. Bc4
Kg8 34. Bxf7+ Bxf7 35. Rxf7 Re8 36. Rg7+ Kh8 37. Rh7+ Kg8 38. Rbg7+ Kf8 39.
Rh8+ Kxg7 40. Rxe8 Kf7 41. Re3 Kg6 42. Ke2 Kh5 43. h3 1-0

[Event "X Open A"]
[Site "Bergamo ITA"]
[Date "2011.07.15"]
[Round "2"]
[White "Cani, Gazmir"]
[Black "Sala, Giovanni"]
[WhiteElo "2114"]
[BlackElo "1967"]
[Result "1-0"]
[PlyCount "199"]
[EventDate "2011.07.15"]

1. d4 f5 2. Nf3 Nf6 3. g3 e6 4. Bg2 d5 5. O-O Bd6 6. c4 c6 7. Qc2 O-O 8. Bf4
Bxf4 9. gxf4 Bd7 10. Nbd2 Ne4 11. Rab1 Be8 12. b4 Kh8 13. a4 Bh5 14. b5 Nd7 15.
e3 Bxf3 16. Nxf3 g5 17. bxc6 bxc6 18. fxg5 Nxg5 19. cxd5 Nxf3+ 20. Bxf3 cxd5
21. Qc6 Rf6 22. Rb7 Nb6 23. Qc7 Qxc7 24. Rxc7 Nxa4 25. Ra1 Nb6 26. Ra6 Rg6+ 27.
Kf1 Rg7 28. Rc6 Re8 29. Ke2 Rge7 30. h4 Kg7 31. Bh5 Rd8 32. Rc1 Kf6 33. Rg1 Rc8
34. Kf3 Rc4 35. Rga1 Rcc7 36. R1a5 Nc4 37. Rxd5 Kg7 38. Rb5 Nb6 39. Kg3 Kf6 40.
Be2 Rg7+ 41. Kf3 Rg6 42. h5 Rg5 43. Rc5 Rd7 44. Bb5 Re7 45. h6 Rg6 46. d5 exd5
47. Rxd5 Kg5 48. Rc5 Rxh6 49. Bd3 Rf6 50. Kg3 Kg6 51. Raa5 Ref7 52. Kf4 Kg7 53.
Bxf5 Rd6 54. e4 Rd2 55. f3 Rg2 56. Rc1 Rh2 57. Rca1 Nc8 58. Kg3 Rc2 59. Bxc8
Rxc8 60. Rxa7 Rc2 61. Rxf7+ Kxf7 62. Kg4 Rg2+ 63. Kf5 h5 64. Ra7+ Kg8 65. Ra8+
Kg7 66. e5 h4 67. e6 Re2 68. Ra7+ Kg8 69. f4 h3 70. Ra3 h2 71. Rh3 Kg7 72. Rh4
Ra2 73. Kg5 Rg2+ 74. Kf5 Re2 75. Rh3 Ra2 76. e7 Re2 77. Rh4 Rxe7 78. Rxh2 Re1
79. Rg2+ Kf7 80. Rb2 Ra1 81. Rb7+ Kf8 82. Kg5 Ra6 83. f5 Ra1 84. Rc7 Ra2 85.
Kg6 Rg2+ 86. Kf6 Kg8 87. Rc8+ Kh7 88. Re8 Ra2 89. Kf7 Ra1 90. f6 Ra2 91. Re1
Ra7+ 92. Re7 Ra8 93. Rd7 Kh8 94. Kg6 Kg8 95. Rg7+ Kh8 96. Rb7 Kg8 97. Re7 Rb8
98. Rd7 Ra8 99. Rd2 Kf8 100. Rh2 1-0